Statistiques concernant Les pays contenant K

Cliquez ici pour prendre le quiz!

Statistiques générales

  • Ce quiz a été pris 2,593 fois
    (2,403 depuis la dernière actualisation)
  • Le résultat moyen est 9 sur 15

Statistiques - réponses

Pays % Correct
Kazakhstan
91%
Kosovo
86%
Kirghizistan
78%
Kenya
73%
Turkménistan
70%
Koweit
68%
Kiribati
67%
Ouzbékistan
67%
Pakistan
65%
Tadjikistan
63%
Ukraine
52%
Irak
48%
Danemark
38%
Sri Lanka
25%
Burkina Faso
21%

Distribution des résultats

Percentile by Number Answered

% des personnes avec chaque résultat

Votre développement - résultats

Vous n’avez pas pris ce quiz depuis la dernière actualisation